书目信息 |
| 题名: |
民国名联
|
|
| 作者: | 梁申威 主编 | |
| 分册: | ||
| 出版信息: | 山西 山西古籍出版社 2003 |
|
| 页数: | 309页 | |
| 开本: | 20cm | |
| 丛书名: | ||
| 单 册: | ||
| 中图分类: | I269.6 | |
| 科图分类: | ||
| 主题词: | 对联--Dui Lian--中国--民国--作品集 | |
| 电子资源: | ||
| ISBN: | 7-80598-523-5 | |
| 000 | 00699nam0 2200217 450 | |
| 001 | CAL 012003046436 | |
| 005 | 20061123163557.28 | |
| 010 | @a7-80598-523-5@dCNY 15.00 | |
| 099 | @aCAL 012003046436 | |
| 100 | @a20021021d2003 em y0chiy0121 ea | |
| 101 | 0 | @achi |
| 102 | @aCN@b140000 | |
| 200 | 1 | @a民国名联@AMin Guo Ming Lian@f梁申威主编 |
| 210 | @a山西@c山西古籍出版社@d2003 | |
| 215 | @a309页@d20cm | |
| 330 | @a本书选择了民国时期百位政治、军事、经济、文化各界名人所撰记录当时历史的联语400余幅,按联语作者的生年顺序排列。 | |
| 606 | 0 | @a对联@ADui Lian@y中国@y民国@j作品集 |
| 690 | @aI269.6@v4 | |
| 701 | 0 | @a梁申威@ALiang Shen Wei@4主编 |
| 801 | @aCN@c20061123 | |
| 905 | @a10447@dI269.6@eL413 | |
| 民国名联/梁申威主编.-山西:山西古籍出版社,2003 |
| 309页;20cm |
| ISBN 7-80598-523-5:CNY 15.00 |
| 本书选择了民国时期百位政治、军事、经济、文化各界名人所撰记录当时历史的联语400余幅,按联语作者的生年顺序排列。 |
| ● |
| 相关链接 |
|
|
|
正题名:民国名联
索取号:I269.6/L413
 
预约/预借
| 序号 | 登录号 | 条形码 | 馆藏地/架位号 | 状态 | 备注 |
| 1 | 615855 | 206158557 | 文学库116/116文学库 12排4列2层/ [索取号:I269.6/L413] | 在馆 |